LEADER 01201nam--2200397---450- 001 990001163960203316 005 20060407155021.0 010 $a88-8319-775-5 035 $a000116396 035 $aUSA01000116396 035 $a(ALEPH)000116396USA01 035 $a000116396 100 $a20030711d2002----km-y0enga50------ba 101 0 $aita 102 $aIT 105 $ay|||z|||001yy 200 1 $a<> vita della parola$eda Betocchi a Tentori$fOreste Macrì$ga cura di Anna Dolfi 210 $aRoma$cBulzoni$d2002 215 $a851 p.$d21 cm 225 2 $aBiblioteca di cultura$v623 410 0$12001$aBiblioteca di cultura$v623 606 0 $aPoesia italiana$zSec. 20. 676 $a851.91409 700 1$aMACRÌ,$bOreste$0386898 702 1$aDOLFI,$bAnna 801 0$aIT$bsalbc$gISBD 912 $a990001163960203316 951 $aVI.3.B. 3058(V E COLL 2/623)$b167398 L.M.$cV E COLL$d00084523 959 $aBK 969 $aUMA 979 $aMARIA$b10$c20030711$lUSA01$h1227 979 $aPATRY$b90$c20040406$lUSA01$h1722 979 $aRENATO$b90$c20040629$lUSA01$h0923 979 $aCOPAT7$b90$c20060407$lUSA01$h1550 996 $aVita della parola$9911882 997 $aUNISA LEADER 01466nam a22003011i 4500 001 991001398679707536 005 20031204124220.0 008 040407s1961 it |||||||||||||||||ita 035 $ab12764255-39ule_inst 035 $aARCHE-074388$9ExL 040 $aDip.to Scienze Storiche$bita$cA.t.i. Arché s.c.r.l. Pandora Sicilia s.r.l. 082 04$a707.4 111 2 $aPremio Morgan's paint$n<3. ;$d1961>$0434723 245 10$aPremio Morgan's paint :$bIII biennale internazionale per la pittura e la scultura Italia e Jugoslavia : catalogo dell'esposizione : Rimini, Palazzo dell'Arengo, 1 luglio-30 agosto 1961 /$ccon gli auspici del Comune, dell'Azienda autonoma di cura e soggiorno di Rimini, e dell'Ente provinciale per il turismo di Forlì ; [a cura di Eugenio Riccòmini] 260 $a[Pisa] :$b[Colorificio toscano],$c1961 300 $a1 v. ;$c24 cm 650 4$aArte italiana$ySec. 20.$xEsposizioni$y1961 650 4$aArte italiana$ySec. 20.$xPremi artistici e letterari 700 1 $aRiccòmini, Eugenio 710 1 $aRimini 710 2 $aAzienda autonoma di soggiorno 710 2 $aEnte provinciale per il turismo 907 $a.b12764255$b02-04-14$c16-04-04 912 $a991001398679707536 945 $aLE009 LA VI C 50 (Fondo Bottari)$g1$lle009$o-$pE0.00$q-$rn$so $t0$u0$v0$w0$x0$y.i13305529$z16-04-04 996 $aPremio Morgan's paint$9294533 997 $aUNISALENTO 998 $ale009$b16-04-04$cm$da $e-$fita$git $h0$i1